| 000 | 01279pam a2200337 a 4500 | ||
|---|---|---|---|
| 001 | 4343063 | ||
| 005 | 20260119152618.0 | ||
| 008 | 890130s1990 nyua b 001 0 eng | ||
| 010 | _a 89002513 | ||
| 020 | _a002409790X | ||
| 035 | _a4343063 | ||
| 040 |
_aDLC _cDLC _dDLC |
||
| 050 | 0 | 0 |
_aTA342 _b.S54 1990 |
| 082 | 0 | 0 |
_a620.0042 _219 |
| 100 | 1 |
_aShearer, J. Lowen. _940558 |
|
| 110 |
_aBohdan T. Kulakowski. _9132817 |
||
| 245 | 1 | 0 |
_aDynamic modeling and control of engineering systems / _cJ. Lowen Shearer, Bohdan T. Kulakowski. |
| 260 |
_aNew York : _bMacmillan ; _aLondon : _bCollier Macmillan, _cc1990. |
||
| 300 |
_axiii, 370 p. : _bill. ; _c25 cm. + _e1 computer disk (5 1/4 in.) |
||
| 336 |
_atext _btxt _2rdacontent |
||
| 337 |
_aunmediated _bn _2rdamedia |
||
| 338 |
_avolume _bnc _2rdacarrier |
||
| 500 | _aSystem requirements for computer disk (Simprog): IBM-compatible PC; 64K RAM. | ||
| 504 | _aIncludes bibliographical references and index. | ||
| 650 | 0 |
_aEngineering _xMathematical models. |
|
| 700 | 1 |
_aKulakowski, Bohdan T. _940561 |
|
| 906 |
_a7 _bcbc _corignew _d1 _eocip _f19 _gy-gencatlg |
||
| 942 |
_2ddc _cBK |
||
| 999 |
_c615855 _d615855 |
||